Statistics for Big East Men's Basketball All-time Wins

Click here to take the quiz!

General Stats

  • This quiz has been taken 13 times
  • The average score is 5 of 22

Answer Stats

WinsTeams% Correct
847Georgetown
82%
801Villanova
73%
846Syracuse
64%
756Connecticut
45%
694St. Johns
36%
86Creighton
27%
631Providence
27%
628Seton Hall
27%
455Boston College
18%
84Butler
18%
132DePaul
18%
624Pittsburgh
18%
96Xavier
18%
156Cincinnati
9%
213Louisville
9%
260Marquette
9%
200Miami
9%
359Notre Dame
9%
104South Florida
9%
44Virginia Tech
9%
249Rutgers
0%
330West Virginia
0%

Score Distribution

Percentile by Number Answered

Percent of People with Each Score

Your Score History

You have not taken this quiz